00559nam a2200181 a 45000010010000000030011000100080041000210350026000620820013000881000020001012450037001212600037001586500013001959420012002089520105002209980037003259990015003620000-8743ELIB.Books110520 1986  a(ELIB.Books)0000-8889 a230 bD' aD' Costa, Gavin aTheology and Religious Pluralism bNew York: Basil Blackwell c1986 aTheology 2ddccBK 00102ddc4070aKBTSbKBTSd2011-05-20l0p10720, 15735, 15755r2022-01-22 00:00:00w2022-01-22yBK cbate2011-05-20mcatu2019-06-03 c8743d8743